000 01902nam a22003377i 4500
003 DO-SdBNP
005 20251104122147.0
007 ta
008 250507b2025 |||||||| |||| 00| 0 spa d
020 _a9789945251234
040 _aDO-SdBNP
_bspa
_cBNPHU
_erda
041 _hspa
082 4 _a972.9305
_bB142o
_222
100 1 _aBáez Evertsz, Franc
_e1948-2016
_dautor
_987686
245 1 0 _aObras selectas /
_cFranc Báez Evertsz
250 _aPrimera edición.
264 1 _aSanto Domingo :
_bArchivo General de la Nación (AGN),
_c2025.
300 _aVolumen :
_bilustraciones ;
_c26 cm
336 _ardacontent
_btexto
_2txt
337 _ardamedia
_bsin mediación
_2n
338 _ardacarrier
_bvolumen
_2nc
490 0 _aArchivo General de la Nación ;
_v520
505 _aLa formación del sistema agroexportador en el caribe (Republica Dominicana y Cuba, 1515-1898) 15 -- Especialización y vías de desarrollo en el caribe 17 -- Las estructuras precapitalistas de Cuba y Dominicana en el primera mitas del siglo xix 69 -- El primer impulso expansivo capitalista 149 -- Azúcar y dependencia en la Republica Dominicana (desde la emergencia de la industria capitalista del azúcar hasta su parcial expropiación nacional) 205 -- Formación y consolidación del enclave azucarero 237 -- Tendencias, limites y contradicciones del proyecto trujillista 313 -- Propuesta de una corporación azucarera dominicana. La corporación azucarera dominicana: contexto histórico y ciclo 353 -- Resurgimiento de la corporación azucarera 388
590 _aInventariado, 2025/DG
600 0 _aBáez Evertsz, Franc,
_d1948-2016
_xObras
_987687
650 4 _aIndustria azucarera
_xHistoria
_zRepública Dominicana
_937748
650 4 _aRepública Dominicana
_xPolítica económica
_ySiglo XX
_987684
710 2 _aArchivo General de la Nación (República Dominicana)
_985400
910 _aDG
942 _2ddc
_cLBS1
999 _c58834
_d58834